<?xml version="1.0" encoding="UTF-8"?>
<marc:record xmlns:marc="http://www.loc.gov/MARC21/slim">
   <marc:leader>00000nam a2200000 a 4500</marc:leader>
   <marc:datafield ind1="1" ind2=" " tag="100">
      <marc:subfield code="a">Herwig, Johannes</marc:subfield>
      <marc:subfield code="4">aut</marc:subfield>
      <marc:subfield code="e">Verfasser/-in</marc:subfield>
   </marc:datafield>
   <marc:datafield ind1=" " ind2=" " tag="653">
      <marc:subfield code="a">Jugendbuch</marc:subfield>
   </marc:datafield>
   <marc:datafield ind1=" " ind2=" " tag="653">
      <marc:subfield code="a">Männliche Jugend</marc:subfield>
   </marc:datafield>
   <marc:datafield ind1=" " ind2=" " tag="653">
      <marc:subfield code="a">Mutprobe</marc:subfield>
   </marc:datafield>
   <marc:datafield ind1=" " ind2=" " tag="653">
      <marc:subfield code="a">Freundschaft</marc:subfield>
   </marc:datafield>
   <marc:datafield ind1=" " ind2=" " tag="653">
      <marc:subfield code="a">Verantwortung</marc:subfield>
   </marc:datafield>
   <marc:datafield ind1="0" ind2="0" tag="245">
      <marc:subfield code="a">Halber Löwe</marc:subfield>
   </marc:datafield>
   <marc:datafield ind1="0" ind2="0" tag="245">
      <marc:subfield code="c">Herwig, Johannes</marc:subfield>
   </marc:datafield>
   <marc:datafield ind1=" " ind2="1" tag="264">
      <marc:subfield code="a">Hildesheim</marc:subfield>
      <marc:subfield code="b">Gerstenberg</marc:subfield>
      <marc:subfield code="c">2023</marc:subfield>
   </marc:datafield>
   <marc:datafield ind1=" " ind2=" " tag="250">
      <marc:subfield code="a">1. Auflage</marc:subfield>
   </marc:datafield>
   <marc:datafield ind1="1" ind2=" " tag="520">
      <marc:subfield code="a">Für Sascha beginnt das letzte Schuljahr. Abhängen im Abbruchhaus und immer gefährlichere Mutproben mit seinen Kumpels: Sieht so der Rest seines Lebens aus? Und dann passiert etwas. Etwas, das alles zerschlägt, was war, und alles infrage stellt, was noch sein kann. Sich weiter wegducken - unmöglich. Rau im Sound der Straße, darunter voller Herz: Johannes Herwig erzählt in seinem neuen Roman von einer Freundschaft, die scheinbar über allem steht, und von der Schwierigkeit, Verantwortung zu übernehmen. Für die, an denen einem was liegt - und für sich selbst.&#xD;
Zusammenfassung&#xD;
Der neue Roman von Paul-Maar-Preisträger Johannes Herwig&#xD;
&#xD;
Was ist eine Freundschaft wert und wie viel wiegt Verantwortung? Der neue spannende Jugendroman von Paul-Maar-Preisträger Johannes Herwig.</marc:subfield>
   </marc:datafield>
   <marc:datafield ind1=" " ind2=" " tag="020">
      <marc:subfield code="a">9783836962056</marc:subfield>
      <marc:subfield code="9">9783836962056</marc:subfield>
   </marc:datafield>
   <marc:datafield ind1=" " ind2=" " tag="020">
      <marc:subfield code="a">3836962055</marc:subfield>
      <marc:subfield code="9">3836962055</marc:subfield>
   </marc:datafield>
   <marc:datafield ind1=" " ind2=" " tag="041">
      <marc:subfield code="a">ger</marc:subfield>
   </marc:datafield>
   <marc:datafield ind1="1" ind2=" " tag="521">
      <marc:subfield code="a">Jugend</marc:subfield>
   </marc:datafield>
   <marc:datafield ind1=" " ind2=" " tag="300">
      <marc:subfield code="a">234 Seiten</marc:subfield>
   </marc:datafield>
</marc:record>
